000 01121cam a22002771i 4500
003 SA-RiAUC
005 20250901093518.0
008 250831s1971 ua f b 00010 ara c
040 _aSA-JeALM
_bara
_cSA-RiAUC
_erda
050 4 _b.F37 1971
082 0 4 _a251.13
_qSA-RiAUC
090 _a251.13
_bف ر غ
100 1 _aفرغلي، محمد محمود،
_d1927-
_eمؤلف.
245 1 0 _aحجية الإجماع وموقف العلماء منها /
_cمحمد محمود فرغلي. اشراف عبدالغني محمد عبدالخالق
264 1 _aالقاهرة :
_bدار الكتاب الجامعي،
_c1971
300 _a551 صفحة ؛
_c25 سم
336 _aنص
_btxt
_2rdacontent
_3كتاب
337 _aبدون وسيط
_bn
_2rdamedia
338 _aمجلد
_bnc
_2rdacarrier
504 _aببليوجرافية : صفحة 503-534.
650 7 _aالإجماع (أصول فقه)
_2aucsh
650 7 _aأصول الفقه الإسلامي
_2aucsh
700 _aعبدالخالق، عبدالغني محمد
_eمشرف.
942 _2ddc
_cBOOK
_n0
949 _aSA-JeALM
_d250831
_uosman123
_n1
999 _c11357
_d11357